MEDICAL-SURGICAL NURSING: MAKING CONNECTIONS TO PRACTICE (Record no. 200547)

MARC details
000 -LEADER
fixed length control field 00624nam a2200193Ia 4500
003 - CONTROL NUMBER IDENTIFIER
control field OSt
005 - DATE AND TIME OF LATEST TRANSACTION
control field 20250811121333.0
020 ## - INTERNATIONAL STANDARD BOOK NUMBER
International Standard Book Number 978-0-8036-4417-5
040 ## - CATALOGING SOURCE
Transcribing agency LC
050 ## - LIBRARY OF CONGRESS CALL NUMBER
Classification number RT 71 .H 64 2017
Item number 2
100 ## - MAIN ENTRY--PERSONAL NAME
Personal name HOFFMAN, JANICE J.
245 #0 - TITLE STATEMENT
Title MEDICAL-SURGICAL NURSING: MAKING CONNECTIONS TO PRACTICE
260 ## - PUBLICATION, DISTRIBUTION, ETC.
Place of publication, distribution, etc. PHILADELPHIA,
Name of publisher, distributor, etc. F.A. DAVIS COMPANY,
Date of publication, distribution, etc. 2017,
300 ## - PHYSICAL DESCRIPTION
Extent LiV, 1599 P, ILL
500 ## - GENERAL NOTE
General note INCLUDES BIBLIOGRAPHICAL REFERENCES AND INDEX
650 ## - SUBJECT ADDED ENTRY--TOPICAL TERM
Topical term or geographic name entry element Medical-Surgical Nursing--education Evidence-Based Nursing--education Clinical Decision-Making
700 ## - ADDED ENTRY--PERSONAL NAME
Personal name SULLIVAN NANCY J
942 ## - ADDED ENTRY ELEMENTS (KOHA)
Koha item type Long Loan Book
Source of classification or shelving scheme Library of Congress Classification
Suppress in OPAC No
Holdings
Withdrawn status Lost status Source of classification or shelving scheme Damaged status Not for loan Collection Home library Current library Shelving location Date acquired Inventory number Total checkouts Full call number Barcode Date last seen Date last checked out Copy number Price effective from Koha item type
    Library of Congress Classification     Medicine Kisii University Library Kisii University Library On Display 09/15/2023 096261 2 RT 71 .H 64 2017 043490 02/14/2024 01/31/2024 2 09/15/2023 Long Loan Book